Responses for Show #3421 - Monday, June 21, 1999

Terry Currin game 1.

Contestants

[<< previous game]

Terry Currin, a systems analyst from White Lake, Michigan

Sarah Simson, a computer training consultant from Niskayuna, New York

Joe Padavic, an international freight forwarder from Roselle, Illinois (whose 2-day cash winnings total $19,200)

[next game >>]

Jeopardy! Round responses

AUTHORS ON AUDIOTAPE
WEAPONS
ENTERTAINING CANADIANS
CHESS MANIA
FOOD & DRINK
CROSSWORD CLUES "A"
    $100 21
(Joe: Who is Andy Rooney?)

Dennis Miller

Joe
Triple Stumper
    $100 6
cannon

Joe
    $100 1
Tilly

Sarah
    $100 22
Humphrey Bogart

Terry
    $100 11
tea

Terry
    $100 16
arsonist

Sarah
    $200 27
Drew Carey

Joe
    $200 7
slingshot

Terry
    $200 2
Scotty

Joe
    $200 23
a camel

Terry
    $200 12
San Francisco

Terry
    $200 17
apology

Joe
    $300 28
(Joe: Who is Paulsen?)

Al Franken

JoeSarah
    $300 8
custard pie

Joe
    $300 3
Dawson's Creek

Joe
    $300 24
(Alex: We have a minute to go.)

grandmaster

Joe
    $300 13
butter

Joe
    $300 18
arid

Sarah
    $400 29
[The end-of-round signal sounds.]

E.B. White

Sarah
    $400 9
(Joe: What is a sword?)
(Sarah: What is a...)

a whip

JoeSarahTerry
    $400 4
Mike Myers

Joe
    $400 25
castling

Joe
    $400 14
Key lime

Sarah
    $400 19
apple

Joe
    $500 10
assault rifles

Sarah
    $900 5
(Joe: Who is Mike Wallace?)

Morley Safer

Joe
    $500 26
a computer

Terry
    $500 15
blackberries

Joe
    $500 20
Anglican

Sarah

Scores at the first commercial break (after clue 13):

Joe Sarah Terry
$300 $200 $900

Scores at the end of the Jeopardy! Round:

Joe Sarah Terry
$1,900 $2,200 $1,700

Double Jeopardy! Round responses

THE ARTICLES OF CONFEDERATION
(Alex: Of this country, of course!)
ACTORS & ACTRESSES
PENINSULAS
IT'S A GROUP THING
"RAIN"Y SONGS
(Alex: And finally, our contestants will deal with...)
5-LETTER WORDS
    $200 26
(Alex: Less than a minute to go.)

Constitution

Terry
    $200 6
Touched by an Angel

Sarah
    $200 1
Italy

Terry
    $200 11
The Doors

Sarah
    $200 16
"Over The Rainbow"

Joe
    $200 21
ritzy

Joe
    $400 27
1776

Triple Stumper
    $400 7
Jerry Mathers

Terry
    $400 2
Caribbean Sea

Terry
    $400 12
"Hollywood 10"

Triple Stumper
    $400 17
"Fire And Rain"

Terry
    $400 22
honey

Terry
    $600 28
Canada

Terry
    $600 8
Meryl Streep

Joe
    $1,000 3
Antarctica

Terry
    $600 13
the original Saturday Night Live cast

Joe
    $600 18
"Rainy Days And Mondays"

Terry
    $600 23
(Sarah: What is sable?)

parka

JoeSarah
    $800 29
the Federalist Papers

Terry
    $2,000 9
Ingrid Bergman

Joe
    $800 4
Coral Sea

Sarah
    $800 14
The Banana Splits

Joe
    $800 19
"Rainy Night In Georgia"

Triple Stumper
    $800 24
brave

Joe
    $1000 30
(Joe: Who is Shay?)
(Alex: You thought it was a possessive for Shay's Rebellion.)

Daniel Shays

Joe
Triple Stumper
    $1000 10
Susan Sarandon

Triple Stumper
    $1000 5
Rockaway

Joe
    $1000 15
(Sarah: Who are the Muses?)

Fates

Sarah
Triple Stumper
    $1000 20
"Laughter In The Rain"

Sarah
    $1000 25
annex

Joe

Scores at the end of the Double Jeopardy! Round:

Joe Sarah Terry
$8,700 $2,800 $6,700

[wagering suggestions for these scores]

Final Jeopardy! Round responses

AFRICA
SarahWhat is Ethiopia
$1,900
TerryWhat is Chad?
$2,001
JoeWhat is Namibia
$4,701
Lesotho, Morocco or Swaziland

Final scores:

Joe Sarah Terry
$3,999 $900 $4,699
2nd place: a trip to International House Hotel, New Orleans 3rd place: Motorola Tracfone & 6 months of airtime New champion: $4,699

Game dynamics:

Coryat scores:

Joe Sarah Terry
$8,400 $2,800 $6,300
22 R
(including 1 DD),
5 W
(including 1 DD)
12 R,
3 W
17 R
(including 1 DD),
0 W

Combined Coryat: $17,500

[game clues] [game scores] [suggest correction]

Game tape date: Unknown
The J! Archive is created by fans, for fans. Scraping, republication, monetization, and malicious use prohibited; this site may use cookies and collect identifying information. See terms. The Jeopardy! game show and all elements thereof, including but not limited to copyright and trademark thereto, are the property of Jeopardy Productions, Inc. and are protected under law. This website is not affiliated with, sponsored by, or operated by Jeopardy Productions, Inc. Join the discussion at JBoard.tv.